000 00253nam a2200097Ia 4500
001 1250012
005 20251031150848.0
008 251031s9999 xx 000 0 und d
245 0 _cTOLGA ALVER
_aE-2 BİR FARE KEDİ GİBİ HAVLADI
260 _bKAYALIPARK
999 _c1250012
_d1250012